| 000 | 00000nas 2200000za 4500 |
| 001 | 9.837009 |
| 003 | CaOODSP |
| 005 | 20221107151032 |
| 007 | cr ||||||||||| |
| 008 | 170518d19972000oncax p oss f0###b0fre|d |
| 040 | |aCaOODSP|bfre |
| 043 | |an-cn--- |
| 086 | 1 |aCS16-200F-PDF |
| 245 | 00|aIndicateurs et statistiques détaillées |h[ressource électronique] / |cStatistiques Canada, Division des comptes nationaux et de l'environnement, Système de comptabilité nationale. |
| 246 | 13|aÉconnexions, pour lier l'environnement et l'économie |
| 260 | |aOttawa :|bStatistique Canada, Division des comptes nationaux et de l'environnement, Système de comptabilité nationale, |c1997-2001. |
| 310 | |aAnnuel (irrégulier) |
| 362 | 0 |a1997-2000. |
| 500 | |aPubli. aussi en anglais sous le titre : Indicators and detailed statistics. |
| 520 | |aPartie intégrante de la série intitulée Éconnexions : pour lier l'environnement et l'économie de Statistique Canada, ce produit offre des indicateurs sommaires ainsi que des statistiques détaillées qui quantifient le lien entre l'activité économiques et l'environnement. On y présente de l'information sur des questions allant des émissions de gaz à effet de serre et de l'utilisation de l'eau et de l'énergie au patrimoine naturel, en passant par les dépenses de protection de l'environnement et plus encore. |
| 692 | 07|2gccst|aScience économique |
| 692 | 07|2gccst|aEnvironnement |
| 710 | 1 |aCanada. |bStatistique Canada. |bDivision des comptes nationaux et de l'environnement. |
| 775 | 08|tIndicators and detailed statistics |w(CaOODSP)9.837006 |